Joe Weider's muscle & fitness

Detalles Bibliográficos
Título anterior:Joe Weider's muscle
Otros Autores: Weider, Joe
Formato: Electrónico Revista
Lenguaje:inglés
Publicado: Woodland Hills, Calif. : I, Brute Enterprises, Inc.
Materias:
Acceso en línea:Full text available from Research Library: 11/01/1995 to present

MARC

LEADER 00000nas a2200000 a 4500
001 ssj0006678
003 WaSeSS
005 20200512172242.0
006 m d
007 cr n
008 820427c19809999caumr p s 0 a0eng c
010 |a  91642156   |z sf 87090122   |z sn 82002485  
022 |l 0744-5105  |y 0744-5105 
032 |a 670510  |b USPS 
035 |a (WaSeSS)ssj0006678 
040 |a NYS  |b eng  |c NYS  |d MUL  |d NSD  |d MUL  |d NSD  |d COO  |d NSD  |d NST  |d NSD  |d DLC  |d NST  |d DLC  |d NST  |d OCLCQ  |d CUS  |d OCLCQ  |d OCLCA  |d HLS  |d OCLCF  |d HLS  |d OCLCO  |d DLC  |d EUW  |d OCLCO  |d OVY  |d OCLCO  |d LIP  |d OCLCQ  |d OCLCO  |d WaSeSS 
042 |a pcc  |a nsdp 
050 0 0 |a GV481  |b .J64 
082 0 0 |a 613.7/1/05  |2 20 
210 0 |a Joe Weider's muscle fitness 
222 0 |a Joe Weider's muscle & fitness 
245 0 0 |a Joe Weider's muscle & fitness  |h [electronic resource]. 
246 3 0 |a Joe Weider's muscle and fitness 
246 3 0 |a Muscle and fitness 
246 3 0 |a Muscle & fitness 
260 |a Woodland Hills, Calif. :  |b I, Brute Enterprises, Inc. 
310 |a Monthly 
362 1 |a Began with v. 41, no. 6 (June 1980). 
506 |a License restrictions may limit access. 
515 |a Issue for v. 71, no. 11 (2010) designated as "NFL issue." 
525 |a Some issues contain supplements on inverted pages. 
588 |a Description based on: Vol. 49, no. 11 (Nov. 1988); title from cover. 
588 |a Latest issue consulted: Vol. 74, no. 11 (Nov. 2013). 
650 0 |a Physical fitness  |v Periodicals. 
650 0 |a Bodybuilding  |v Periodicals. 
650 7 |a Bodybuilding.  |2 fast  |0 (OCoLC)fst00835480 
650 7 |a Physical fitness.  |2 fast  |0 (OCoLC)fst01062569 
655 0 |a Electronic journals. 
700 1 |a Weider, Joe. 
780 0 0 |t Joe Weider's muscle  |x 2378-4725  |w (DLC) 2015234260  |w (OCoLC)8622493 
850 |a CLSU  |a CoU  |a DLC  |a DeU  |a MsU  |a NIC  |a NN  |a NcRS 
856 4 0 |z Full text available from Research Library: 11/01/1995 to present  |u https://search.proquest.com/publication/30290